LEADER 00837nam0-22003131i-450- 001 990000030480403321 005 20080513105054.0 035 $a000003048 035 $aFED01000003048 035 $a(Aleph)000003048FED01 035 $a000003048 100 $a20020821d1954----km-y0itay50------ba 101 1 $aita 102 $aIT 105 $ay-------001yy 200 1 $aWalter Gropius$el'uomo e la sua opera$fSigfried Giedion 210 $aMilano$cEdizioni di comunità$d1954 215 $a248 p.$cill.$d26 cm 610 0 $aGropius, Walter 676 $a720.23 700 1$aGiedion,$bSigfried$f<1888-1968> 801 0$aIT$bUNINA$gRICA$2UNIMARC 901 $aBK 912 $a990000030480403321 952 $a13 D 44 03$b20818$fFINBC 952 $a01 DA 4003$b97/2804$fDINST 959 $aFINBC 959 $aDINST 997 $aUNINA LEADER 02330nam0 22004693i 450 001 TO00912505 005 20251003044408.0 010 $a8845309886 100 $a20030109d2000 ||||0itac50 ba 101 | $aita 102 $ait 181 1$6z01$ai $bxxxe 182 1$6z01$ay 200 1 $aˆI ‰sistemi di programmazione e controllo negli enti locali$eprogettazione, sviluppo e impiego$fAndrea Garlatti, Fabrizio Pezzani$gprefazione di Elio Borgonovi 210 $a[Milano]$cEtas$d2000 215 $aXI, 292 p.$d24 cm. 225 | $aManagement pubblico 410 0$1001UBO1015158$12001 $aManagement pubblico 606 $aEnti locali$xGestione$xControllo$2FIR$3CFIC059671$9E 676 $a352$9Considerazioni generali di amministrazione pubblica$v14 676 $a352$9CONSIDERAZIONI GENERALI DI AMMINISTRAZIONE PUBBLICA$v21 676 $a352.000473$9AMMINISTRAZIONE LOCALE. RIORGANIZZAZIONE$v21 676 $a352.000475$9AMMINISTRAZIONI LOCALI. FONDAMENTI DELL'AMMINISTRAZIONE. CONTROLLO$v20 676 $a352.1$9$v12 676 $a352.1$9AMMINISTRAZIONE LOCALE. SPECIFICHE ATTIVITA AMMINISTRATIVE$v19 676 $a352.34$9AMMINISTRAZIONE PUBBLICA. PIANIFICAZIONE E DETERMINAZIONE DEGL'INDIRIZZI$v21 686 $aHJ 9497$c$2C 696 $aControlli$aVigilanza 699 $aControllo$zControlli 699 $aControllo$zVigilanza 700 1$aGarlatti$b, Andrea$3MILV134101$4070$0116059 701 1$aPezzani$b, Fabrizio$3CFIV039860$4070$0106592 702 1$aBorgonovi$b, Elio$3CFIV046014 801 3$aIT$bIT-000000$c20030109 850 $aIT-BN0095 901 $bNAP 01$cAZ $n$ 901 $bNAP 01$cPOZZO LIB.$nVi sono collocati fondi di economia, periodici di ingegneria e scienze, periodici di economia e statistica e altri fondi comprendenti documenti di economia pervenuti in dono. 912 $aTO00912505 950 0$aBiblioteca Centralizzata di Ateneo$c1 v.$d 01AZ (AR) 30 526$e 01AR 0700305265 VMA 1 v.$fY $h20150225$i20150225$c1 v.$d 01POZZO LIB.ECON MON 464$e 0101 0000057645E VMA 1 v. precedente collocazione sez. DASES B 0239$fB $h20090417$i20090417 977 $a 01 996 $aSistemi di programmazione e controllo negli enti locali$968255 997 $aUNISANNIO LEADER 01836nas 2200481-a 450 001 9910132556203321 005 20240413023006.0 035 $a(CKB)110978978950688 035 $a(CONSER)---90655735- 035 $a(EXLCZ)99110978978950688 100 $a19891220b19851997 --- b 101 0 $aspa 181 $ctxt$2rdacontent 182 $cc$2rdamedia 183 $acr$2rdacarrier 200 00$aCuadernos de arquitectura virreinal 210 $a[México, D.F.] $cFacultad de Arquitectura, UNAM$d[1985- 215 $a1 online resource 300 $aTitle from cover. 311 $aPrint version: Cuadernos de arquitectura virreinal. (DLC) 90655735 (OCoLC)20807429 0185-8572 606 $aArchitecture$zMexico$vPeriodicals 606 $aArchitecture, Colonial$zMexico$vPeriodicals 606 $aArchitecture$2fast$3(OCoLC)fst00813346 606 $aArchitecture, Colonial$2fast$3(OCoLC)fst00813657 606 $aArquitectura$zMéxico$vPublicaciones periódicas 606 $aArquitectura colonial$zMéxico$vPublicaciones periódicas 607 $aMexico$2fast 608 $aPeriodicals.$2fast 615 0$aArchitecture 615 0$aArchitecture, Colonial 615 7$aArchitecture. 615 7$aArchitecture, Colonial. 615 4$aArquitectura 615 4$aArquitectura colonial 676 $a720/.972/05 712 02$aUniversidad Nacional Auto?noma de Me?xico.$bFacultad de Arquitectura. 712 02$aUniversidad Nacional Auto?noma de Me?xico.$bFacultad de Arquitectura.$bDivisio?n de Estudios de Posgrado. 712 02$aUniversidad Nacional Auto?noma de Me?xico.$bFacultad de Arquitectura.$bInvestigacio?n y Posgrado. 906 $aJOURNAL 912 $a9910132556203321 920 $aexl_impl conversion 996 $aCuadernos de arquitectura virreinal$91934833 997 $aUNINA